000 01099nam a22002057a 4500
001 78842
003 BD-RjUL
005 20211209083159.0
008 211121s19231342le ||||| |||| 00| 0 ara d
035 _a(BD-RjUL)79069
040 _aBD-RjUL
_beng
_cBD-RjUL
041 _aeng
082 _223
_a962
_bTAK 1923
245 1 0 _aكتاب الدين والدولة في إثبات نبوة النبي محمد صلى الله عليه وسلم ;; kitab aldiyn waldawlat fi 'iithbat nubuat alnabii muhamad salaa allah ealayh wasalam /
_cتأليف علي بن ربن الطبري، ومساعدة جعفر الإمام المتوكل على الله ؛ اعتنى بطبعه وتصحيحه وترجمته إلى اللغة الإنكليزية أ. منفانة.;; talif ealiin bin rabin altabri, wamusaeadat jaefar al'iimam almutawakil ealaa allah ; aetanaa bitabeih watashihih watarjamatih 'iilaa allughat al'iinkiliziat 'a. minfanatun.
260 _aMisr :
_btabaat fi misr,
_c1923
300 _a144 cm
_c24 cm
650 _aEgypt
_9250283
650 _aPolitics and government
_9250284
942 _2ddc
_cBK
999 _c78842
_d78842